[Event "Bratislava exe op"]
[Site "Bratislava"]
[Date "2023.09.15"]
[Round "1"]
[White "Azarov, Sergei Nikolaevich"]
[Black "Sokolovsky, Jakub"]
[Result "1-0"]
[WhiteElo "2588"]
[BlackElo "1927"]
[PlyCount "69"]
[EventDate "2023.09.15"]
[EventType "swiss"]
[EventRounds "9"]
[EventCountry "SVK"]
[SourceTitle "EXT 2024"]
[Source "ChessBase"]
[SourceDate "2023.10.10"]
[SourceVersion "1"]
[SourceVersionDate "2023.10.10"]
[SourceQuality "1"]

1. e4 c5 2. Nf3 d6 3. d4 cxd4 4. Nxd4 Nf6 5. Nc3 a6 6. Bg5 e6 7. f4 Be7 8. Qf3 Qc7 9. 0-0-0 Nbd7 10. f5 e5 11. Nde2 b5 12. Bxf6 Nxf6 13. Nd5 Nxd5 14. exd5 b4 15. Ng3 0-0 16. Kb1 a5 17. Ne4 f6 18. Bb5 a4 19. Rd3 Ba6 20. Bxa6 Rxa6 21. Rc1 Rc8 22. c4 Qb6 23. Qh5 Qd8 24. c5 dxc5 25. d6 Bf8 26. d7 Rcc6 27. Nxc5 Rxc5 28. Rxc5 Ra8 29. Rc4 h6 30. Qf3 Rb8 31. Qd5+ Kh7 32. Rd1 a3 33. b3 Be7 34. Qe6 Kh8 35. Rc8 1-0

[Event "Speed Chess Q1 Sw"]
[Site "Chess.com INT"]
[Date "2023.08.21"]
[Round "2"]
[White "Azarov, Sergei Nikolaevich"]
[Black "Paravyan, David"]
[Result "0-1"]
[WhiteElo "2582"]
[BlackElo "2597"]
[PlyCount "88"]
[EventDate "2023.08.21"]
[EventType "k.o. (blitz)"]
[EventRounds "14"]
[EventCountry "USA"]
[SourceTitle "CBM 215 Extra"]
[Source "ChessBase"]
[SourceDate "2023.09.30"]
[SourceVersion "1"]
[SourceVersionDate "2023.09.30"]
[SourceQuality "1"]

1. e4 e5 2. Nf3 Nf6 3. Nc3 Nc6 4. Bb5 Nd4 5. 0-0 c6 6. Bd3 Nxf3+ 7. Qxf3 d6 8. a4 g6 9. Bc4 Bg7 10. d3 0-0 11. a5 Be6 12. Bxe6 fxe6 13. Qe2 h6 14. f4 Nd7 15. Qg4 Qe8 16. Bd2 Kh7 17. a6 bxa6 18. Qg3 exf4 19. Bxf4 Bd4+ 20. Kh1 e5 21. Bd2 Qe6 22. Qh4 h5 23. Qg5 Rf7 24. Ne2 Raf8 25. Rxf7+ Qxf7 26. h3 Bb6 27. c3 Nc5 28. Ng3 Nxd3 29. Rf1 Qg7 30. Nf5 gxf5 31. Qxh5+ Kg8 32. Bh6 Qg3 33. Bxf8 Nf2+ 34. Rxf2 Qxf2 35. Qg6+ Kxf8 36. Qf6+ Ke8 37. Qe6+ Kd8 38. Qxd6+ Kc8 39. Qxc6+ Bc7 40. Qa8+ Kd7 41. Qd5+ Ke7 42. Qc6 Bb6 43. Qb7+ Kf6 44. Qc6+ Kg5 0-1

[Event "Speed Chess Q1 Sw"]
[Site "Chess.com INT"]
[Date "2023.08.21"]
[Round "6"]
[White "De Winter, Arthur"]
[Black "Azarov, Sergei Nikolaevich"]
[Result "1-0"]
[WhiteElo "2360"]
[BlackElo "2582"]
[PlyCount "153"]
[EventDate "2023.08.21"]
[EventType "k.o. (blitz)"]
[EventRounds "14"]
[EventCountry "USA"]
[SourceTitle "CBM 215 Extra"]
[Source "ChessBase"]
[SourceDate "2023.09.30"]
[SourceVersion "1"]
[SourceVersionDate "2023.09.30"]
[SourceQuality "1"]

1. e4 e5 2. Nc3 Nf6 3. Bc4 Bc5 4. d3 Nc6 5. f4 d6 6. Nf3 Bg4 7. Na4 Bxf3 8. Qxf3 Nd4 9. Qd1 b5 10. fxe5 bxc4 11. exf6 Qxf6 12. c3 Nb3 13. Nxc5 Nxc5 14. dxc4 Qh4+ 15. g3 Qxe4+ 16. Qe2 Kd7 17. Qxe4 Nxe4 18. 0-0 f6 19. Be3 a6 20. Rac1 Rae8 21. Rfe1 Re6 22. Kg2 Rhe8 23. Bg1 f5 24. Rc2 g5 25. Rce2 f4 26. gxf4 gxf4 27. h4 c5 28. Bh2 Nd2 29. Rxe6 Rxe6 30. Rxe6 Kxe6 31. Bxf4 Nxc4 32. b3 Nb6 33. Kf3 Nd5 34. Bd2 Kf5 35. c4 Nf6 36. Bf4 Ne4 37. Bh2 h5 38. Ke3 Nf6 39. Bxd6 Nd7 40. Kf3 Ke6 41. Bf4 Kf5 42. Be3 Ne5+ 43. Ke2 Nd7 44. Kd3 Ke5 45. Kc3 Ke4 46. Bg1 a5 47. a3 Ke5 48. Bh2+ Ke4 49. Bd6 Kf5 50. Be7 Ke6 51. Bg5 Kd6 52. Bf4+ Kc6 53. Be3 Ne5 54. Bf4 Nf3 55. Bg3 Nd4 56. Bf2 Nf5 57. Kd3 Nd6 58. Bg3 Nf5 59. Bf2 Nd6 60. Be3 Nf5 61. Bg5 Nd6 62. Bf4 Nf5 63. Bg5 Nd6 64. Bf6 Nf5 65. Ke4 Ng3+ 66. Kf4 Ne2+ 67. Kg5 Nd4 68. Kxh5 Nxb3 69. Kg6 Nd2 70. h5 Nxc4 71. h6 Nxa3 72. h7 Kb5 73. h8Q a4 74. Qe8+ Kb4 75. Be7 Nb5 76. Qc6 a3 77. Bxc5+ 1-0

[Event "FIDE World Cup"]
[Site "Baku"]
[Date "2023.07.30"]
[Round "1.1"]
[White "Megaranto, Susanto"]
[Black "Azarov, Sergei Nikolaevich"]
[Result "1/2-1/2"]
[WhiteElo "2505"]
[BlackElo "2589"]
[PlyCount "96"]
[EventDate "2023.07.30"]
[EventType "k.o."]
[EventRounds "8"]
[EventCountry "AZE"]
[SourceTitle "EXT 2024"]
[Source "ChessBase"]
[SourceDate "2023.10.10"]
[SourceVersion "1"]
[SourceVersionDate "2023.10.10"]
[SourceQuality "1"]

1. d4 Nf6 2. Nf3 g6 3. c3 Bg7 4. Bf4 b6 5. e3 0-0 6. h3 Bb7 7. Be2 c5 8. 0-0 d6 9. a4 Nc6 10. Nbd2 cxd4 11. exd4 Nd5 12. Bh2 e5 13. Bc4 Nc7 14. dxe5 Nxe5 15. Be2 Ne6 16. Nb3 Qf6 17. Nfd4 Nf4 18. Bxf4 Qxf4 19. Qd2 Qe4 20. f3 Qh4 21. Qe1 Qf4 22. Qf2 Rac8 23. a5 Nc4 24. Bxc4 Rxc4 25. Ne2 Qe5 26. axb6 axb6 27. Nbd4 Rcc8 28. Rfe1 Rfe8 29. Ng3 Qd5 30. Rad1 Rxe1+ 31. Qxe1 h5 32. Kh1 Qg5 33. Qf2 Re8 34. f4 Qd5 35. Rd2 h4 36. Nf1 Qc4 37. Ne3 Qa4 38. f5 Re4 39. fxg6 fxg6 40. Nf3 Bh6 41. Ng4 Rxg4 42. hxg4 Bxd2 43. Qxd2 Qxg4 44. Qxd6 Bxf3 45. gxf3 Qxf3+ 46. Kh2 Qe4 47. Kh3 Kh7 48. Qd8 Qf3+ 1/2-1/2

[Event "Bydgoszcz op-A"]
[Site "Bydgoszcz"]
[Date "2023.06.26"]
[Round "3"]
[White "Azarov, Sergei Nikolaevich"]
[Black "Hulka, Valentyn"]
[Result "1/2-1/2"]
[WhiteElo "2589"]
[BlackElo "2257"]
[PlyCount "52"]
[EventDate "2023.06.24"]
[EventType "swiss"]
[EventRounds "9"]
[EventCountry "POL"]
[SourceTitle "CBM 215 Extra"]
[Source "ChessBase"]
[SourceDate "2023.09.30"]
[SourceVersion "1"]
[SourceVersionDate "2023.09.30"]
[SourceQuality "1"]

1. e4 e5 2. Nf3 Nc6 3. d4 exd4 4. Nxd4 Nf6 5. Nxc6 bxc6 6. e5 Qe7 7. Qe2 Nd5 8. h4 Qe6 9. c4 Nb6 10. g3 d6 11. Bg2 Bd7 12. 0-0 Qxc4 13. Qd1 dxe5 14. Nd2 Qe6 15. f4 Bc5+ 16. Kh2 Nd5 17. Ne4 Bb6 18. Ng5 Qe7 19. Re1 0-0 20. Rxe5 Qc5 21. Bd2 h6 22. Bc3 Rad8 23. Ne4 Qe3 24. Nf6+ Nxf6 25. Rxe3 Ng4+ 26. Qxg4 Bxg4 1/2-1/2

[Event "Sharjah Masters 6th"]
[Site "Sharjah"]
[Date "2023.05.23"]
[Round "7"]
[White "Erigaisi, Arjun Kumar"]
[Black "Azarov, Sergei Nikolaevich"]
[Result "1-0"]
[WhiteElo "2701"]
[BlackElo "2582"]
[PlyCount "107"]
[EventDate "2023.05.17"]
[EventType "swiss"]
[EventRounds "9"]
[EventCountry "UAE"]
[SourceTitle "CBM 215"]
[Source "ChessBase"]
[SourceDate "2023.08.31"]
[SourceVersion "1"]
[SourceVersionDate "2023.08.31"]
[SourceQuality "1"]

1. d4 Nf6 2. Bf4 d5 3. e3 c5 4. Nf3 Nc6 5. Nbd2 Bg4 6. c3 e6 7. Qb3 Qc8 8. Nh4 Bh5 9. h3 cxd4 10. exd4 Qd7 11. Bd3 Bd6 12. Bxd6 Qxd6 13. Nhf3 0-0 14. 0-0 Rab8 15. a4 Qc7 16. Qa3 Bg6 17. Bb5 Ne4 18. Rfe1 Nxd2 19. Nxd2 Ne7 20. a5 Nf5 21. Bf1 b6 22. axb6 axb6 23. Nf3 Nd6 24. Ne5 Bf5 25. Qa4 f6 26. Nd3 Nc4 27. Nb4 b5 28. Qd1 Ra8 29. Qe2 Rae8 30. Ra6 h6 31. Rea1 Be4 32. Ra7 Qf4 33. Qg4 Qg5 34. b3 Nd6 35. Rd7 Nf7 36. Qxg5 hxg5 37. Bxb5 Rb8 38. Bc6 Nd8 39. Ba4 Rc8 40. Rc1 Rf7 41. Rd6 Ra7 42. Bd7 Rca8 43. Bxe6+ Nxe6 44. Rxe6 Ra3 45. f3 Bf5 46. Re2 Rxb3 47. Nxd5 Kf8 48. Kf2 Raa3 49. c4 Rd3 50. Ne3 Bc8 51. d5 Ba6 52. Rb1 Rac3 53. Rb4 Kg8 54. Ra4 1-0

[Event "Sharjah Masters 6th"]
[Site "Sharjah"]
[Date "2023.05.19"]
[Round "3"]
[White "Azarov, Sergei Nikolaevich"]
[Black "Karthikeyan, Murali"]
[Result "1/2-1/2"]
[WhiteElo "2582"]
[BlackElo "2627"]
[PlyCount "90"]
[EventDate "2023.05.17"]
[EventType "swiss"]
[EventRounds "9"]
[EventCountry "UAE"]
[SourceTitle "CBM 215"]
[Source "ChessBase"]
[SourceDate "2023.08.31"]
[SourceVersion "1"]
[SourceVersionDate "2023.08.31"]
[SourceQuality "1"]

1. e4 e5 2. Nf3 Nc6 3. Bb5 a6 4. Ba4 Nf6 5. 0-0 Be7 6. d3 b5 7. Bb3 d6 8. a4 Bd7 9. c3 0-0 10. Re1 Na5 11. Bc2 c5 12. Nbd2 Re8 13. Nf1 h6 14. h3 Bf8 15. Ne3 Be6 16. d4 exd4 17. cxd4 bxa4 18. Bxa4 Re7 19. Bc2 Nc4 20. dxc5 dxc5 21. Qxd8 Rxd8 22. Rxa6 Nxe3 23. Rxe3 Rb7 24. Rea3 Rb4 25. Ne5 Nxe4 26. Ra8 Rc8 27. Rxc8 Bxc8 28. Be3 Bb7 29. Bb3 c4 30. Bxc4 Nd6 31. Rb3 Nxc4 32. Rxb4 Bxb4 33. Nxc4 f6 34. b3 Ba6 35. f4 Kf7 36. Kf2 Ke6 37. g4 g5 38. f5+ Kd5 39. Kf3 Bxc4 40. bxc4+ Kxc4 41. Ke4 Bc3 42. h4 gxh4 43. Bxh6 h3 44. Kf3 Be5 45. Bg7 Kd5 1/2-1/2

[Event "Sharjah Masters 6th"]
[Site "Sharjah"]
[Date "2023.05.18"]
[Round "2"]
[White "Vescovi, Giovanni P"]
[Black "Azarov, Sergei Nikolaevich"]
[Result "1/2-1/2"]
[WhiteElo "2606"]
[BlackElo "2582"]
[PlyCount "84"]
[EventDate "2023.05.17"]
[EventType "swiss"]
[EventRounds "9"]
[EventCountry "UAE"]
[SourceTitle "CBM 215"]
[Source "ChessBase"]
[SourceDate "2023.08.31"]
[SourceVersion "1"]
[SourceVersionDate "2023.08.31"]
[SourceQuality "1"]

1. d4 d5 2. c4 c6 3. Nf3 Nf6 4. Nc3 e6 5. g3 dxc4 6. Bg2 b5 7. Ne5 Nd5 8. 0-0 Bb7 9. a4 a6 10. e4 Nxc3 11. bxc3 Nd7 12. f4 Bd6 13. Rb1 Rb8 14. Nxd7 Qxd7 15. f5 exf5 16. Bh3 0-0 17. Bxf5 Qd8 18. Qg4 g6 19. Bg5 Be7 20. Bh6 b4 21. Be6 fxe6 22. Qxe6+ Kh8 23. Rxf8+ Bxf8 24. Qe5+ Kg8 25. Qe6+ Kh8 26. Qe5+ Kg8 27. Bf4 b3 28. Qe6+ Kh8 29. Bxb8 Qxb8 30. Qxc4 Qe8 31. Rxb3 Bc8 32. Rb8 Qd7 33. e5 Kg7 34. Rb6 Qg4 35. Rxc6 Bf5 36. Rc7+ Kh8 37. Qf7 Qd1+ 38. Kf2 Qd2+ 39. Kf3 Qd3+ 40. Kf2 Qc2+ 41. Kf3 Qd3+ 42. Kf2 Qd2+ 1/2-1/2

[Event "ChessKid Cup Play In"]
[Site "Chess.com INT"]
[Date "2023.05.01"]
[Round "2"]
[White "Azarov, Sergei Nikolaevich"]
[Black "Keymer, Vincent"]
[Result "1/2-1/2"]
[WhiteElo "2582"]
[BlackElo "2700"]
[PlyCount "120"]
[EventDate "2023.05.01"]
[EventType "swiss (blitz)"]
[EventRounds "9"]
[EventCountry "USA"]
[SourceTitle "CBM 214 Extra"]
[Source "ChessBase"]
[SourceDate "2023.07.31"]
[SourceVersion "1"]
[SourceVersionDate "2023.07.31"]
[SourceQuality "1"]

1. e4 c6 2. Nc3 d5 3. Nf3 dxe4 4. Nxe4 Nf6 5. Qe2 Nxe4 6. Qxe4 Nd7 7. d4 Nf6 8. Qf4 Nd5 9. Qd2 Bg4 10. Ne5 Bf5 11. Be2 e6 12. 0-0 Bd6 13. c4 Ne7 14. Bf3 h6 15. Qe2 0-0 16. Rd1 Qc7 17. Bf4 Ng6 18. Bg3 Nxe5 19. dxe5 Bc5 20. Bh4 a5 21. Rd2 Bb4 22. Rd4 g5 23. Bg3 Rad8 24. Rdd1 Rxd1+ 25. Rxd1 Rd8 26. h4 Be7 27. hxg5 hxg5 28. b3 Rxd1+ 29. Qxd1 Qd8 30. Qxd8+ Bxd8 31. Bd1 Bb6 32. Kf1 Bd4 33. Ke2 Bc3 34. f3 b5 35. cxb5 cxb5 36. a3 Kf8 37. Be1 b4 38. axb4 axb4 39. Bd2 g4 40. Ke3 g3 41. Be2 Ke7 42. Bc4 Kd7 43. Bb5+ Kc7 44. Be8 Bxd2+ 45. Kxd2 Bh3 46. Bxf7 Bxg2 47. Bxe6 Bxf3 48. Ke3 Bd1 49. Bd5 Kd7 50. Bc4 Ke7 51. Bd5 Kf8 52. Bg2 Bxb3 53. Kf4 Bc2 54. Kxg3 b3 55. Bd5 b2 56. Ba2 Ke7 57. Kf4 Kd7 58. Ke3 b1Q 59. Bxb1 Bxb1 60. e6+ Kxe6 1/2-1/2

[Event "ChessKid Cup Play In"]
[Site "Chess.com INT"]
[Date "2023.05.01"]
[Round "4"]
[White "Azarov, Sergei Nikolaevich"]
[Black "Pranav, Anand"]
[Result "1-0"]
[WhiteElo "2582"]
[BlackElo "2525"]
[PlyCount "83"]
[EventDate "2023.05.01"]
[EventType "swiss (blitz)"]
[EventRounds "9"]
[EventCountry "USA"]
[SourceTitle "CBM 214 Extra"]
[Source "ChessBase"]
[SourceDate "2023.07.31"]
[SourceVersion "1"]
[SourceVersionDate "2023.07.31"]
[SourceQuality "1"]

1. e4 c5 2. Nf3 Nc6 3. d4 cxd4 4. Nxd4 e6 5. Nc3 Qc7 6. Be2 Nf6 7. 0-0 a6 8. Be3 d6 9. f4 Be7 10. Kh1 0-0 11. Qe1 Nxd4 12. Bxd4 b5 13. a3 Bb7 14. Qg3 Bc6 15. Rae1 Rad8 16. Bd3 Qb7 17. Qh3 h6 18. Rf3 b4 19. Rg3 Kh8 20. Nd1 bxa3 21. bxa3 Qc7 22. Ne3 Rg8 23. e5 dxe5 24. Bxe5 Qa5 25. Rg1 Rxd3 26. cxd3 Qd2 27. Ng4 Nxg4 28. Qxg4 Bd7 29. Bxg7+ Kh7 30. f5 exf5 31. Qd4 Be6 32. Bxh6 Qxh6 33. Rh3 Qxh3 34. gxh3 Rxg1+ 35. Kxg1 Bxa3 36. Qe5 Bb4 37. d4 f4 38. d5 Bc8 39. Qh5+ Kg7 40. Qg5+ Kh7 41. Qxf4 Bc5+ 42. Kg2 1-0

[Event "ChessKid Cup Play In"]
[Site "Chess.com INT"]
[Date "2023.05.01"]
[Round "1"]
[White "Azarov, Sergei Nikolaevich"]
[Black "Yu, Yangyi"]
[Result "1-0"]
[WhiteElo "2582"]
[BlackElo "2729"]
[PlyCount "97"]
[EventDate "2023.05.01"]
[EventType "swiss (blitz)"]
[EventRounds "9"]
[EventCountry "USA"]
[SourceTitle "CBM 214 Extra"]
[Source "ChessBase"]
[SourceDate "2023.07.31"]
[SourceVersion "1"]
[SourceVersionDate "2023.07.31"]
[SourceQuality "1"]

1. e4 e5 2. Nf3 Nc6 3. Bb5 a6 4. Ba4 Nf6 5. 0-0 Nxe4 6. d4 b5 7. Bb3 d5 8. Nxe5 Nxe5 9. dxe5 c6 10. Be3 Bf5 11. Nd2 Nxd2 12. Qxd2 Be7 13. Qc3 Rc8 14. Bc5 Bxc5 15. Qxc5 Qe7 16. Qb6 0-0 17. Rfe1 Qg5 18. f3 Rfd8 19. Rad1 Qe7 20. c3 h5 21. Rd2 h4 22. Qf2 a5 23. Rd4 a4 24. Bd1 h3 25. g4 c5 26. Rd2 Bg6 27. Qg3 a3 28. bxa3 c4 29. f4 Bd3 30. Be2 Qc5+ 31. Kf1 Bxe2+ 32. Rdxe2 d4 33. e6 fxe6 34. Rxe6 dxc3 35. Qxh3 c2 36. Qf3 Rd2 37. g5 Rf8 38. Re8 Rxh2 39. g6 Qd6 40. Rxf8+ Qxf8 41. f5 Kh8 42. Kg1 Rh6 43. Qd5 Rh5 44. Kg2 Rg5+ 45. Kh3 Rh5+ 46. Kg4 Rh6 47. Qf7 Qxf7 48. gxf7 Rf6 49. Rh1+ 1-0

[Event "ChessKid Cup Play In"]
[Site "Chess.com INT"]
[Date "2023.05.01"]
[Round "9"]
[White "Dominguez Perez, Leinier"]
[Black "Azarov, Sergei Nikolaevich"]
[Result "0-1"]
[WhiteElo "2739"]
[BlackElo "2582"]
[PlyCount "122"]
[EventDate "2023.05.01"]
[EventType "swiss (blitz)"]
[EventRounds "9"]
[EventCountry "USA"]
[SourceTitle "CBM 214 Extra"]
[Source "ChessBase"]
[SourceDate "2023.07.31"]
[SourceVersion "1"]
[SourceVersionDate "2023.07.31"]
[SourceQuality "1"]

1. e4 e5 2. Nf3 Nc6 3. Bb5 a6 4. Ba4 Nf6 5. 0-0 Be7 6. d3 b5 7. Bb3 0-0 8. a4 b4 9. a5 d6 10. Nbd2 h6 11. c3 Rb8 12. Nc4 Be6 13. d4 bxc3 14. d5 cxb2 15. Bxb2 Bg4 16. dxc6 Nxe4 17. Bc2 Ng5 18. Bc1 Nxf3+ 19. gxf3 Be6 20. Ne3 d5 21. Kh1 Bg5 22. Rg1 f5 23. Nf1 Bxc1 24. Rxc1 Rb4 25. Qe1 Qd6 26. Rg6 Rh4 27. Ne3 e4 28. Qg1 Qe7 29. Bb3 Kh8 30. Ng2 Bf7 31. Nxh4 Qxh4 32. Qg3 Qxg3 33. Rxg3 f4 34. Rg4 g5 35. Rgg1 Rb8 36. Bd1 Rb2 37. Rc2 Rb5 38. Re1 Kg7 39. Kg1 Bg6 40. Rc1 Kf6 41. fxe4 dxe4 42. Bc2 Rc5 43. Bb1 Re5 44. Rc4 f3 45. Bxe4 g4 46. Re3 Rxa5 47. Rc1 Bf7 48. h3 h5 49. Rd1 Ra2 50. hxg4 hxg4 51. Bb1 Rb2 52. Bd3 a5 53. Bf1 a4 54. Kh2 Bb3 55. Rd8 Rxf2+ 56. Kg1 Rc2 57. Rf8+ Kg5 58. Re5+ Kh4 59. Re3 Kg3 60. Rc8 Rc1 61. Rxc7 Bc4 0-1

[Event "Titled Tuesday intern op 25th Apr Early"]
[Site "Chess.com INT"]
[Date "2023.04.25"]
[Round "10"]
[White "Akkarakaran, John Veny"]
[Black "Azarov, Sergei Nikolaevich"]
[Result "1-0"]
[WhiteElo "2110"]
[BlackElo "2582"]
[PlyCount "49"]
[EventDate "2023.04.25"]
[EventType "swiss (blitz)"]
[EventRounds "11"]
[EventCountry "USA"]
[SourceTitle "EXT 2024"]
[Source "ChessBase"]
[SourceDate "2023.10.10"]
[SourceVersion "1"]
[SourceVersionDate "2023.10.10"]
[SourceQuality "1"]

1. e4 c5 2. Nf3 d6 3. d4 cxd4 4. Nxd4 Nf6 5. Nc3 g6 6. Be3 Bg7 7. f3 0-0 8. Qd2 Nc6 9. 0-0-0 d5 10. Qe1 e5 11. Nxc6 bxc6 12. exd5 Nxd5 13. Bc4 Be6 14. Ne4 Qc7 15. Bc5 Rfd8 16. Qh4 h6 17. g4 Nf4 18. Bxe6 Nxe6 19. Qe7 Qa5 20. Rxd8+ Rxd8 21. Qxa7 Qb5 22. Re1 Rd5 23. Be7 Nd4 24. Qa8+ Kh7 25. Nf6+ 1-0

[Event "Titled Tuesday intern op 25th Apr Early"]
[Site "Chess.com INT"]
[Date "2023.04.25"]
[Round "8"]
[White "Azarov, Sergei Nikolaevich"]
[Black "Mamedov, Edgar"]
[Result "1-0"]
[WhiteElo "2582"]
[BlackElo "2248"]
[PlyCount "121"]
[EventDate "2023.04.25"]
[EventType "swiss (blitz)"]
[EventRounds "11"]
[EventCountry "USA"]
[SourceTitle "EXT 2024"]
[Source "ChessBase"]
[SourceDate "2023.10.10"]
[SourceVersion "1"]
[SourceVersionDate "2023.10.10"]
[SourceQuality "1"]

1. e4 c5 2. Nf3 e6 3. d4 cxd4 4. Nxd4 Nf6 5. Nc3 Nc6 6. Nxc6 bxc6 7. Bd3 d5 8. 0-0 Be7 9. Qe2 0-0 10. b3 Nd7 11. Bb2 Nc5 12. Rad1 Nxd3 13. Qxd3 a5 14. Qg3 Bf6 15. Rfe1 a4 16. e5 Bh4 17. Qg4 axb3 18. axb3 Qg5 19. Qh3 Qh6 20. Na4 Be7 21. Qxh6 gxh6 22. Bd4 Ra5 23. Re3 h5 24. Rg3+ Kh8 25. Rc3 Bb7 26. Bc5 Bxc5 27. Nxc5 Ba8 28. b4 Ra2 29. f3 h4 30. Kf2 Rb2 31. Rd4 h3 32. gxh3 Rb8 33. Nd3 Rb1 34. Ra3 Rh1 35. Kg2 Rd1 36. Ra7 Rd2+ 37. Kg3 Rxc2 38. Rf4 Rg8+ 39. Kh4 Rc4 40. Raxf7 Rg6 41. Kh5 Rxf4 42. Nxf4 Rg8 43. Nxe6 c5 44. bxc5 Bc6 45. Re7 Be8+ 46. Kh4 Bg6 47. Nf4 d4 48. Nxg6+ Rxg6 49. Rd7 Rc6 50. Rxd4 Rxc5 51. f4 Kg7 52. Kg4 Rc2 53. Rd7+ Kh6 54. Rd6+ Kg7 55. Kf5 Rxh2 56. Rd7+ Kh6 57. Kf6 Rxh3 58. f5 Ra3 59. e6 Kh5 60. Kf7 Kg5 61. e7 1-0

[Event "Titled Tuesday intern op 25th Apr Early"]
[Site "Chess.com INT"]
[Date "2023.04.25"]
[Round "5"]
[White "Azarov, Sergei Nikolaevich"]
[Black "Sliwicka, Alicja"]
[Result "1-0"]
[WhiteElo "2582"]
[BlackElo "2289"]
[PlyCount "55"]
[EventDate "2023.04.25"]
[EventType "swiss (blitz)"]
[EventRounds "11"]
[EventCountry "USA"]
[SourceTitle "EXT 2024"]
[Source "ChessBase"]
[SourceDate "2023.10.10"]
[SourceVersion "1"]
[SourceVersionDate "2023.10.10"]
[SourceQuality "1"]

1. e4 c6 2. Nc3 g6 3. d4 Bg7 4. Nf3 d5 5. h3 dxe4 6. Nxe4 Nf6 7. Nxf6+ exf6 8. Bc4 0-0 9. 0-0 f5 10. Bf4 Nd7 11. c3 Nb6 12. Bb3 Nd5 13. Be5 Bxe5 14. Nxe5 Be6 15. Re1 Qg5 16. Qf3 h5 17. c4 Nb6 18. d5 cxd5 19. cxd5 Bd7 20. d6 Be6 21. Bxe6 fxe6 22. Qxb7 Rad8 23. Qe7 Qf6 24. Nc6 Rde8 25. Qxa7 Nc8 26. Qc7 Rd8 27. Nxd8 Rxd8 28. d7 1-0

[Event "Titled Tuesday intern op 25th Apr Early"]
[Site "Chess.com INT"]
[Date "2023.04.25"]
[Round "4"]
[White "Isajevsky, Anton"]
[Black "Azarov, Sergei Nikolaevich"]
[Result "0-1"]
[WhiteElo "2403"]
[BlackElo "2582"]
[PlyCount "62"]
[EventDate "2023.04.25"]
[EventType "swiss (blitz)"]
[EventRounds "11"]
[EventCountry "USA"]
[SourceTitle "EXT 2024"]
[Source "ChessBase"]
[SourceDate "2023.10.10"]
[SourceVersion "1"]
[SourceVersionDate "2023.10.10"]
[SourceQuality "1"]

1. Nf3 Nf6 2. c4 e6 3. Nc3 Bb4 4. Qc2 0-0 5. a3 Bxc3 6. Qxc3 d6 7. b4 e5 8. Bb2 c5 9. d3 b6 10. e3 Nc6 11. Be2 Re8 12. 0-0 Bg4 13. h3 Bh5 14. Rfe1 Qc7 15. g4 Bg6 16. Nh4 d5 17. cxd5 Nxd5 18. Qc4 Rad8 19. Rac1 Qe7 20. Nxg6 hxg6 21. bxc5 Na5 22. Qa4 Qh4 23. Bf1 f5 24. cxb6 axb6 25. Bg2 Nf6 26. Qb5 fxg4 27. Bxe5 gxh3 28. Bg3 Qh6 29. Bf3 Rf8 30. Qxb6 Nh5 31. Bxh5 Qxh5 0-1

[Event "EU-ch 23rd"]
[Site "Vrnjacka Banja"]
[Date "2023.03.12"]
[Round "10"]
[White "Grandelius, Nils"]
[Black "Azarov, Sergei Nikolaevich"]
[Result "1/2-1/2"]
[WhiteElo "2658"]
[BlackElo "2559"]
[PlyCount "106"]
[EventDate "2023.03.03"]
[EventType "swiss"]
[EventRounds "11"]
[EventCountry "SRB"]
[SourceTitle "CBM 213"]
[Source "ChessBase"]
[SourceDate "2023.04.30"]
[SourceVersion "1"]
[SourceVersionDate "2023.04.30"]
[SourceQuality "1"]

1. e4 e5 2. Nf3 Nc6 3. Bb5 a6 4. Ba4 Nf6 5. 0-0 Be7 6. Re1 b5 7. Bb3 d6 8. c3 0-0 9. h3 Bb7 10. d4 Re8 11. Nbd2 Bf8 12. d5 Nb8 13. Nf1 Nbd7 14. Ng3 Nc5 15. Nh2 g6 16. Bc2 Bg7 17. b4 Ncd7 18. Bb3 Nb6 19. Bg5 h6 20. Be3 Qe7 21. Qe2 Rac8 22. Red1 Nc4 23. Bxc4 bxc4 24. Ng4 Nxg4 25. hxg4 c6 26. dxc6 Bxc6 27. Rd2 Qe6 28. Rad1 Red8 29. f3 Ba4 30. Re1 Bc6 31. Red1 Ba4 32. Re1 Bc6 33. Kf2 d5 34. exd5 Rxd5 35. Rxd5 Bxd5 36. Qd2 Rd8 37. Bxh6 Bf6 38. Qc1 Bb7 39. Bg5 Rd3 40. Ne4 Bxe4 41. Rxe4 Bxg5 42. Qxg5 Rxc3 43. Rxe5 Rc2+ 44. Kg1 Qd6 45. Re8+ Kg7 46. Qe5+ Qxe5 47. Rxe5 Rxa2 48. Rc5 Ra4 49. Rxc4 a5 50. Kh2 Rxb4 51. Rc5 a4 52. g5 Rf4 53. Ra5 Rf5 1/2-1/2

[Event "EU-ch 23rd"]
[Site "Vrnjacka Banja"]
[Date "2023.03.10"]
[Round "8"]
[White "Azarov, Sergei Nikolaevich"]
[Black "Petrosyan, Manuel"]
[Result "1/2-1/2"]
[WhiteElo "2559"]
[BlackElo "2634"]
[PlyCount "48"]
[EventDate "2023.03.03"]
[EventType "swiss"]
[EventRounds "11"]
[EventCountry "SRB"]
[SourceTitle "CBM 213"]
[Source "ChessBase"]
[SourceDate "2023.04.30"]
[SourceVersion "1"]
[SourceVersionDate "2023.04.30"]
[SourceQuality "1"]

1. e4 e5 2. Nf3 Nc6 3. d4 exd4 4. Bc4 Bc5 5. Ng5 Nh6 6. Nxf7 Nxf7 7. Bxf7+ Kxf7 8. Qh5+ g6 9. Qxc5 d5 10. 0-0 dxe4 11. c3 Qd6 12. Qxd6 cxd6 13. cxd4 Nxd4 14. Nc3 Bg4 15. Nxe4 Nc2 16. Nxd6+ Ke6 17. Bf4 Nxa1 18. Rxa1 Rhf8 19. Bg3 b6 20. h3 Bf5 21. Re1+ Kd7 22. Rd1 Ke6 23. Re1+ Kd7 24. Rd1 Ke6 1/2-1/2

[Event "EU-ch 23rd"]
[Site "Vrnjacka Banja"]
[Date "2023.03.06"]
[Round "4"]
[White "Azarov, Sergei Nikolaevich"]
[Black "Ohanyan, Emin"]
[Result "1-0"]
[WhiteElo "2559"]
[BlackElo "2405"]
[PlyCount "83"]
[EventDate "2023.03.03"]
[EventType "swiss"]
[EventRounds "11"]
[EventCountry "SRB"]
[SourceTitle "CBM 213"]
[Source "ChessBase"]
[SourceDate "2023.04.30"]
[SourceVersion "1"]
[SourceVersionDate "2023.04.30"]
[SourceQuality "1"]

1. e4 e5 2. Nf3 Nc6 3. Bc4 Nf6 4. d3 Bc5 5. Bg5 h6 6. Bh4 Be7 7. Bg3 d6 8. a4 0-0 9. 0-0 Be6 10. Nbd2 Qc8 11. c3 a5 12. Re1 Re8 13. Rc1 Bf8 14. Bb5 Nh5 15. d4 Nxg3 16. hxg3 Bd7 17. Nc4 exd4 18. cxd4 Qd8 19. Qb3 Nxd4 20. Nxd4 c6 21. Rcd1 cxb5 22. Nxb5 Bxb5 23. Qxb5 Qc7 24. Nb6 Rad8 25. Rc1 Qe7 26. Qxa5 g6 27. Nd5 Qe5 28. Qb5 Bg7 29. b4 Qb2 30. Qd3 h5 31. a5 Kf8 32. Rc2 Qe5 33. Rc7 Rc8 34. Rxb7 h4 35. Nb6 Kg8 36. Nxc8 Rxc8 37. Qd5 Qf6 38. gxh4 Rc2 39. Rf1 Qf4 40. Qg5 Qxe4 41. Qd8+ Kh7 42. Rxf7 1-0